| 000 | 01244cam a2200229 4500 | ||
|---|---|---|---|
| 001 | WB3943-03 | ||
| 008 | 031113n2003 000 0 eng u | ||
| 035 | _a(Sirsi) u124311 | ||
| 245 | _aWestern goverment concerns over the globalisation of BPO are shortsighted. | ||
| 260 | _c2003 | ||
| 490 |
_aDTZ Press Release _v10 November 2003 (2) |
||
| 520 | _aDTZ claim that governments are misguided in there concerns about Business Process Outsourcing (BPO). According to DTZ this is not a new trend, and follows on from the outsourcing of IT and the emergence of call centres in the 1980s. Whilst the use of call centres to decentralise central service sector posts to regional areas has been perceived in a positive light, moving posts abroad has been met with concern. The BPO market is valued at US$140b, which has increased by 30% since 2000. According to DTZ this figure is expected to rise to US$230 by 2005. A full copy of the press release can be read at http://www.dtz.com/ | ||
| 590 | _aWB | ||
| 650 | _aOFFICES | ||
| 650 | _aOUTSOURCING | ||
| 650 | _aGLOBALISATION | ||
| 650 | _aBUSINESS PROCESS OUTSOURCING | ||
| 650 | _aRELOCATION | ||
| 650 | _aCORPORATE FUNCTIONS | ||
| 690 | _aPROPERTY-COMMERCIAL PROPERTY | ||
| 942 | _n0 | ||
| 999 |
_c73786 _d73786 |
||